000 01164cab a2200289 4500
001 ABS68544
008 041207n2004 000 0 eng u
035 _a(Sirsi) u128228
100 _aSingleton, D.
245 _aTesting times
260 _c2004
490 _aInside Housing
_v21(47) 26 November 2004, 16-17(2)
520 _aSurveys the main features of the Housing Act 2004, which has at last received Royal Assent. Examines grants to private developers, compulsory leasing, right to buy, overcrowding, home information packs and tenancy deposits. Summarises what is happening and when, providing concise sectoral comments. The Act is available at www.legislation.gov.uk.
590 _aABS
650 _aPRIVATE DEVELOPERS
650 _aOVERCROWDING
650 _aEMPTY HOMES
650 _aCOMPULSORY LEASING
650 _aRIGHT TO BUY
650 _aHOME INFORMATION PACKS
650 _aTENANCY DEPOSIT SCHEME (TDS)
650 _aSOCIAL HOUSING GRANT
650 _aHOUSING ACT 2004
690 _aHOUSING
856 _uhttps://www.legislation.gov.uk/ukpga/2004/34/pdfs/ukpga_20040034_en.pdf
_zView the Housing Act 2004 atƯ
942 _n0
999 _c74655
_d74655